Normal view
MARC view
- الهاشميون - الملك عبدالله بن الحسين المؤسس- - تاريخ الاردن
Entry Topical Term
001 - CONTROL NUMBER
- control field: 47825
003 - CONTROL NUMBER IDENTIFIER
- control field: JO-AjAnu
005 - DATE AND TIME OF LATEST TRANSACTION
- control field: 20230606081907.0
008 - FIXED-LENGTH DATA ELEMENTS
- fixed length control field: 230606|| aca||aabn | a|a d
040 ## - CATALOGING SOURCE
- Original cataloging agency: JO-AjAnu
- Transcribing agency: JO-AjAnu
150 ## - HEADING--TOPICAL TERM
- Topical term or geographic name entry element: الهاشميون - الملك عبدالله بن الحسين المؤسس- - تاريخ الاردن
670 ## - SOURCE DATA FOUND
- Source citation: Work cat.: (JO-AjAnu)24472: ظبيان، تيسير؛ مراجعة وتنقيح قطناني، نايف, author 47824, الملك عبدالله كما عرفتة